000 00380 a2200169 4500
001 22613
020 _a9788508120055
040 _cAnchieta - São Paulo/Itaigara
100 _aDante, Luiz Roberto
240 1 0 _aTudo é matemática
_lpor
245 1 0 _aTudo é matemática
300 _a388[32p.]
362 0 _a2010
440 1 _aÁtica
650 4 _aMatemática
942 _cBK
999 _c22613
_d22613